| 000 | 00510nam a22001817a 4500 | ||
|---|---|---|---|
| 008 | 170731b xxu||||| |||| 00| p tur d | ||
| 020 | _a9757417084 | ||
| 041 | _atur | ||
| 050 | _aPL248.A5863 | ||
| 100 |
_aAltınel, Şavkar _9158 |
||
| 245 |
_aGece Geçilen Şehirler _cŞavkar Altınel |
||
| 250 | _a1.Basım | ||
| 260 |
_aİstanbul _bKorsan _cEkim 1992 |
||
| 300 | _a43 Sayfa | ||
| 500 | _aŞiir / 13 Korsan, bir Sombahar Yayımcılık kuruluşudur. | ||
| 650 | 0 |
_9145 _aTürk Edebiyatı |
|
| 942 |
_2lcc _cBK |
||
| 999 |
_c841 _d828 |
||